[Event "14. Sparkassen Open 2015 - Gruppe B"]
[Site "Forchheim"]
[Date "2015.10.04"]
[Round "5.7"]
[White "Mooser, Nicolas"]
[Black "Reuter, Roland"]
[Result "0-1"]
[WhiteElo "1674"]
[BlackElo "2000"]
[PlyCount "154"]
[EventDate "2015.??.??"]
[WhiteTeam "PSV Dorfen"]
[BlackTeam "SK Schwabach"]

1. d4 Nf6 2. Nf3 g6 3. g3 Bg7 4. Bg2 O-O 5. O-O d5 6. c4 c6 7. cxd5 cxd5 8. Nc3
Nc6 9. Ne5 Be6 10. Nxc6 bxc6 11. Bf4 Nh5 12. Be3 Rb8 13. Qd2 Qd7 14. Rac1 Bh3
15. Na4 Bxg2 16. Kxg2 e5 17. Nc5 Qd6 18. dxe5 Bxe5 19. Rc2 d4 20. Bg5 Rb5 21.
Nb3 c5 22. Rfc1 Rc8 23. Rc4 f6 24. f4 Qd5+ 25. Kg1 fxg5 26. fxe5 Qxe5 27. Nxd4
Rd8 28. Nf3 Rxd2 29. Nxe5 Rxe2 30. Nd3 Rd2 31. R1c3 Nf6 32. Rxc5 Rxc5 33. Nxc5
Rxb2 34. Ra3 Rb5 35. Ne6 Re5 36. Nc7 a5 37. Kf2 Kf7 38. Na8 h5 39. Nb6 Rc5 40.
Ra4 Nd5 41. Nd7 Rc2+ 42. Kg1 Rc7 43. Ne5+ Kf6 44. Nf3 Rc5 45. Nd4 Nc3 46. Ra3
a4 47. Kf2 Rc4 48. Ke3 Nb1 49. Rd3 g4 50. Nb5 Rc2 51. a3 Rxh2 52. Rd4 Rg2 53.
Rxa4 Rxg3+ 54. Kf2 Rf3+ 55. Kg2 Kg5 56. Nd4 Rxa3 57. Rxa3 Nxa3 58. Ne6+ Kf5 59.
Nd4+ Ke4 60. Ne2 Nc4 61. Kg3 g5 62. Nc3+ Kd3 63. Nd5 Ne3 64. Nf6 h4+ 65. Kh2
g3+ 66. Kh1 Ke2 67. Kg1 Kf3 68. Nh5 Nd5 69. Kf1 Nf4 70. Nxf4 gxf4 71. Kg1 Ke2
72. Kg2 f3+ 73. Kh3 g2 74. Kh2 Kf2 75. Kh3 g1=Q 76. Kxh4 Qg6 77. Kh3 Qh5# 0-1

[Event "14. Sparkassen Open 2015 - Gruppe B"]
[Site "Forchheim"]
[Date "2015.10.04"]
[Round "5.8"]
[White "Huber, Lukas"]
[Black "Paeslack, Luis"]
[Result "1/2-1/2"]
[WhiteElo "1894"]
[BlackElo "1733"]
[PlyCount "65"]
[EventDate "2015.??.??"]
[WhiteTeam "SC Tannhausen"]
[BlackTeam "SK Mainaschaff"]

1. e4 c5 2. d4 cxd4 3. c3 dxc3 4. Nxc3 Nc6 5. Nf3 d6 6. Bc4 h6 7. e5 Bg4 8. O-O
Bxf3 9. Qxf3 e6 10. exd6 Bxd6 11. Nb5 a6 12. Nxd6+ Qxd6 13. Rd1 Qc5 14. b3 Nf6
15. Bb2 Qe7 16. a4 Rd8 17. Rxd8+ Qxd8 18. Ba3 Qb6 19. Rc1 Nd7 20. Qg3 Qd4 21.
Bxa6 bxa6 22. Qc7 Nd8 23. h3 Qb6 24. Qg3 Rg8 25. Rc8 Qd4 26. Qc7 Qa1+ 27. Bc1
Qf6 28. Bb2 Qg5 29. f4 Qh4 30. Kh2 f5 31. g3 Qe7 32. Ba3 Qf6 33. Bb4 1/2-1/2

[Event "14. Sparkassen Open 2015 - Gruppe B"]
[Site "Forchheim"]
[Date "2015.10.04"]
[Round "5.10"]
[White "Gebhardt, Christian"]
[Black "Braun, Kristin"]
[Result "1/2-1/2"]
[WhiteElo "1897"]
[BlackElo "1735"]
[PlyCount "29"]
[EventDate "2015.??.??"]
[WhiteTeam "SV Seubelsdorf"]
[BlackTeam "SC Forchheim"]

1. e4 d5 2. d4 dxe4 3. Nc3 Nf6 4. f3 c5 5. d5 e6 6. Bb5+ Bd7 7. dxe6 fxe6 8.
Bxd7+ Qxd7 9. Qe2 exf3 10. Nxf3 Nc6 11. Bf4 O-O-O 12. Rd1 Nd5 13. Qc4 Qf7 14.
Bg3 Be7 15. Bf2 1/2-1/2

[Event "14. Sparkassen Open 2015 - Gruppe B"]
[Site "Forchheim"]
[Date "2015.10.04"]
[Round "5.11"]
[White "Reinhard, Ralf-Peter"]
[Black "Corral, Carlos"]
[Result "0-1"]
[WhiteElo "1894"]
[BlackElo "2010"]
[PlyCount "116"]
[EventDate "2015.??.??"]
[WhiteTeam "vereinslos"]
[BlackTeam "SC Noris-Tarrasch Nürnberg"]

1. d4 Nf6 2. Nf3 c5 3. c3 d5 4. e3 Nc6 5. Bd3 Bg4 6. Nbd2 e6 7. Qa4 Bxf3 8.
Nxf3 c4 9. Bb1 Bd6 10. b3 Nd7 11. b4 a6 12. Qd1 f5 13. Bc2 O-O 14. h4 Nf6 15.
Bb2 Ne4 16. Nd2 Qc7 17. f4 Rf6 18. Bxe4 fxe4 19. g4 Rff8 20. h5 Nxb4 21. cxb4
c3 22. Rc1 cxd2+ 23. Qxd2 Qb6 24. Bc3 Rac8 25. O-O Rc4 26. a3 Rfc8 27. Bb2 Qd8
28. Qf2 R8c7 29. Rxc4 Rxc4 30. Rc1 b5 31. Rxc4 bxc4 32. Bc3 Qd7 33. Qc2 Qe7 34.
Be1 Qd7 35. Qd1 g6 36. hxg6 hxg6 37. Kg2 Qc7 38. Qc1 Kf7 39. Bc3 Qd7 40. Qd1
Ke8 41. Be1 Kd8 42. Kg3 Kc8 43. Kg2 Kb7 44. Bc3 g5 45. fxg5 Bc7 46. Be1 Qd6 47.
Bf2 Qh2+ 48. Kf1 Bg3 49. Bxg3 Qxg3 50. Ke2 c3 51. Qf1 Qxg4+ 52. Ke1 Kb6 53. Qf4
Qg1+ 54. Ke2 Kb5 55. Qb8+ Kc4 56. Qc8+ Kb3 57. a4 c2 58. Kd2 Qd1# 0-1

[Event "14. Sparkassen Open 2015 - Gruppe B"]
[Site "Forchheim"]
[Date "2015.10.04"]
[Round "5.12"]
[White "Pikal, Alexander"]
[Black "Brückner, Alexander"]
[Result "1-0"]
[WhiteElo "1966"]
[BlackElo "1793"]
[PlyCount "125"]
[EventDate "2015.??.??"]
[WhiteTeam "SC Ansbach"]
[BlackTeam "SF Augsburg"]

1. f4 e5 2. fxe5 d6 3. exd6 Bxd6 4. Nf3 Bg4 5. e4 Nc6 6. Bb5 Nge7 7. c3 a6 8.
Bxc6+ Nxc6 9. d4 f6 10. O-O Qd7 11. Be3 O-O-O 12. Nbd2 Rhe8 13. b4 Bh5 14. a4
Bg6 15. b5 Nb8 16. bxa6 Nxa6 17. Qb3 Bxe4 18. Nxe4 Rxe4 19. Rab1 b6 20. Bf2
Rde8 21. a5 b5 22. c4 b4 23. c5 Bf8 24. Rfd1 Qb5 25. Qd5 Nb8 26. Be1 Qc6 27.
Qf5+ Qe6 28. Qxe6+ R8xe6 29. Bxb4 Na6 30. Bd2 g5 31. h3 h6 32. Re1 Rxe1+ 33.
Rxe1 Rxe1+ 34. Nxe1 f5 35. Kf2 Kb7 36. Ke3 Nb8 37. Nc2 Nc6 38. Na3 Bg7 39. Bc3
Ka6 40. Nc4 Kb5 41. Kd3 Ne7 42. Bd2 Nc6 43. Bc3 Ne7 44. Ne3 f4 45. Nc2 Nd5 46.
Na3+ Ka6 47. Bd2 Ne7 48. Nc2 Kb5 49. h4 Nd5 50. Na3+ Ka6 51. Ke4 c6 52. Nc4 Ne7
53. Nd6 Nd5 54. Nf5 Bf8 55. Ke5 gxh4 56. Nxh4 Be7 57. Ng6 Bf6+ 58. Ke4 Bd8 59.
Nxf4 Nxf4 60. Bxf4 Kxa5 61. Bxh6 Bf6 62. g4 Kb5 63. g5 1-0

[Event "14. Sparkassen Open 2015 - Gruppe B"]
[Site "Forchheim"]
[Date "2015.10.04"]
[Round "5.13"]
[White "Adler, Herbert"]
[Black "Meier, Manfred"]
[Result "0-1"]
[WhiteElo "2001"]
[BlackElo "1800"]
[PlyCount "128"]
[EventDate "2015.??.??"]
[WhiteTeam "SG Büchenbach/Roth"]
[BlackTeam "SV Neustadt/Aisch"]

1. d4 d5 2. Nf3 Nf6 3. g3 c6 4. Bg2 e6 5. c4 dxc4 6. Ne5 Be7 7. O-O O-O 8. Nc3
Nd5 9. Nxc4 Nd7 10. e4 N5b6 11. Ne3 Nf6 12. Nc2 h6 13. Qe2 Re8 14. e5 Nfd5 15.
Ne4 f5 16. Qh5 Rf8 17. Nc5 Qe8 18. Qe2 Qf7 19. f4 Nd7 20. Be3 Nxc5 21. dxc5 Rb8
22. Kh1 b6 23. cxb6 axb6 24. Rfd1 c5 25. Na3 Bb7 26. Nb5 Nxe3 27. Qxe3 Bxg2+
28. Kxg2 Rfd8 29. b3 Qe8 30. a4 Rd7 31. Qf3 Rbd8 32. Nc3 Rd2+ 33. Rxd2 Rxd2+
34. Kh3 g5 35. fxg5 hxg5 36. g4 Kg7 37. Ne2 Qh8+ 38. Kg2 f4 39. Rc1 Kf7 40. Rc4
Qxe5 41. Kf1 Bf6 42. Qe4 Qa1+ 43. Rc1 Qe5 44. Qxe5 Bxe5 45. Ke1 Rb2 46. a5 f3
47. Ng3 Rxh2 48. Nf1 Re2+ 49. Kd1 Bf4 50. axb6 Bxc1 51. Kxc1 Re4 52. Nd2 f2 53.
Nxe4 f1=Q+ 54. Kd2 Qf4+ 55. Kd3 Qb8 56. b7 Ke7 57. Nxc5 Kd6 58. Kc4 e5 59. b4
Kc6 60. b5+ Kd6 61. Ne4+ Kc7 62. Nc5 Qg8+ 63. Kb4 Qd5 64. b6+ Kb8 0-1

[Event "14. Sparkassen Open 2015 - Gruppe B"]
[Site "Forchheim"]
[Date "2015.10.04"]
[Round "5.14"]
[White "Krastev, Alexander"]
[Black "Goda, Frederic"]
[Result "1-0"]
[WhiteElo "1858"]
[BlackElo "1704"]
[PlyCount "67"]
[EventDate "2015.??.??"]
[WhiteTeam "Biebertaler SF"]
[BlackTeam "SC Weiße Dame Ulm"]

1. e4 c5 2. Nc3 e6 3. Nf3 a6 4. d4 cxd4 5. Nxd4 d5 6. g3 e5 7. Nf3 d4 8. Nxe5
Be6 9. Ne2 Qa5+ 10. c3 Qxe5 11. Qxd4 Nc6 12. Qe3 Nf6 13. Bg2 Bc5 14. Qf4 Bc4
15. Be3 Bxe3 16. Qxe3 Qb5 17. b3 Bd3 18. a4 Qxb3 19. Qxd3 Rd8 20. Qb1 Qc4 21.
Ra2 O-O 22. O-O Rfe8 23. f3 Ne5 24. Qc2 Rd3 25. Raa1 Re3 26. Rae1 Nd3 27. Rb1
Ne5 28. Rb2 Nd3 29. Rxb7 Qc5 30. Kh1 Qh5 31. Qd2 Nd5 32. exd5 Qxd5 33. Qxe3 Kf8
34. Qd4 1-0

[Event "14. Sparkassen Open 2015 - Gruppe B"]
[Site "Forchheim"]
[Date "2015.10.04"]
[Round "5.15"]
[White "Löllmann, Heinrich"]
[Black "Seifert, Heinz"]
[Result "1-0"]
[WhiteElo "1825"]
[BlackElo "1598"]
[PlyCount "91"]
[EventDate "2015.??.??"]
[WhiteTeam "SV Bubenreuth"]
[BlackTeam "SV Lauf"]

1. e4 g6 2. d4 d6 3. f4 Bg7 4. Be3 Nf6 5. Bd3 O-O 6. h3 Nbd7 7. Nf3 c5 8. Qd2
cxd4 9. Bxd4 e5 10. fxe5 Nxe5 11. Nxe5 dxe5 12. Be3 b6 13. Nc3 Bb7 14. O-O-O
Rc8 15. g4 Qe7 16. Qg2 Rc7 17. Kb1 Ba8 18. h4 Rfc8 19. Bd2 Nd7 20. Ba6 Rb8 21.
g5 Nc5 22. Be2 f5 23. gxf6 Bxf6 24. h5 g5 25. h6 Ne6 26. Nd5 Bxd5 27. exd5 Nf4
28. Bxf4 exf4 29. d6 Qe5 30. c3 Rc5 31. Rhe1 Qf5+ 32. Bd3 Qd7 33. Rd2 Kh8 34.
Bc2 g4 35. Rd5 f3 36. Qd2 g3 37. Bf5 Qd8 38. d7 Qf8 39. Bh3 Rd8 40. Rxc5 bxc5
41. Qf4 Be7 42. Qxg3 f2 43. Rf1 Qxh6 44. Rxf2 Qg6+ 45. Qxg6 hxg6 46. Re2 1-0

[Event "14. Sparkassen Open 2015 - Gruppe B"]
[Site "Forchheim"]
[Date "2015.10.04"]
[Round "5.17"]
[White "Roth, Jakob"]
[Black "Lais, Thomas"]
[Result "0-1"]
[WhiteElo "1770"]
[BlackElo "1942"]
[PlyCount "40"]
[EventDate "2015.??.??"]
[WhiteTeam "Spvgg Stetten"]
[BlackTeam "SW Nürnberg Süd"]

1. d4 Nf6 2. c4 g6 3. Nc3 d5 4. Nf3 Bg7 5. e3 O-O 6. Bd3 c5 7. O-O cxd4 8. exd4
Nc6 9. h3 dxc4 10. Bxc4 e6 11. Bf4 Nd5 12. Bxd5 exd5 13. Nb5 Bf5 14. Nd6 Be4
15. Nxb7 Qb6 16. Nc5 Bxf3 17. gxf3 Nxd4 18. Nd7 Qe6 19. Nxf8 Qxh3 20. Bg3 Re8
0-1

[Event "14. Sparkassen Open 2015 - Gruppe B"]
[Site "Forchheim"]
[Date "2015.10.04"]
[Round "5.18"]
[White "Thurn, Stephan"]
[Black "Reichel, Günther"]
[Result "1-0"]
[WhiteElo "1889"]
[BlackElo "1729"]
[PlyCount "116"]
[EventDate "2015.??.??"]
[WhiteTeam "TSV Kirchehrenbach"]
[BlackTeam "SC-SF Stockstadt"]

1. d4 e6 2. Nf3 f5 3. g3 b6 4. Bg2 Bb7 5. c4 Nf6 6. O-O Be7 7. Nc3 O-O 8. a3
Qe8 9. Ne5 Bxg2 10. Kxg2 d6 11. Nf3 Nbd7 12. Ng5 Bd8 13. d5 e5 14. Ne6 Rf7 15.
Qc2 Nf8 16. Ng5 Rd7 17. Qxf5 Qh5 18. e4 Ng4 19. h3 Nh6 20. Qf3 Qg6 21. Qe3 Nf7
22. Nxf7 Rxf7 23. Qe2 Nd7 24. Be3 Nf6 25. Bd2 Nh5 26. Qg4 Qxg4 27. hxg4 Nf6 28.
f3 Nd7 29. b4 a6 30. Be3 Rc8 31. b5 a5 32. g5 Be7 33. f4 g6 34. Rf2 Rcf8 35.
Raf1 Kg7 36. f5 gxf5 37. exf5 Bd8 38. f6+ Kg6 39. Rh1 h5 40. g4 Rh8 41. gxh5+
Rxh5 42. Rxh5 Kxh5 43. Kg3 Kg6 44. Rh2 Rh7 45. Rxh7 Kxh7 46. Kg4 Kg6 47. Ne4
Nf8 48. Ng3 Kf7 49. Nf5 Nd7 50. Nh4 a4 51. Kf5 e4 52. g6+ Kg8 53. Bd4 e3 54.
Nf3 e2 55. Ne1 Kf8 56. Nd3 Kg8 57. f7+ Kf8 58. Ke6 Ne5 1-0

[Event "14. Sparkassen Open 2015 - Gruppe B"]
[Site "Forchheim"]
[Date "2015.10.04"]
[Round "5.19"]
[White "Krasotin, Valentin"]
[Black "Bauer, Peter"]
[Result "1-0"]
[WhiteElo "1777"]
[BlackElo "1656"]
[PlyCount "109"]
[EventDate "2015.??.??"]
[WhiteTeam "SW Nürnberg Süd"]
[BlackTeam "SGem Fürth"]

1. e4 c6 2. d4 d5 3. Nc3 dxe4 4. Nxe4 Bf5 5. Ng3 Bg6 6. f4 e6 7. Nf3 Nd7 8. Bd3
Bxd3 9. Qxd3 Qc7 10. O-O O-O-O 11. Ne5 Nh6 12. b3 Bd6 13. Nxd7 Rxd7 14. c4 Bc5
15. Bb2 Rhd8 16. Qxh7 Bxd4+ 17. Bxd4 Rxd4 18. Qxg7 Nf5 19. Nxf5 exf5 20. Qe5
Qd7 21. Rae1 Rd2 22. Rf2 Rd6 23. Qe7 Re6 24. Qxd7+ Rxd7 25. Rfe2 Rde7 26. Kf2
Kd8 27. Rd2+ Ke8 28. Red1 Kf8 29. Rd8+ Kg7 30. R1d2 Re4 31. g3 R4e6 32. R8d7
Re2+ 33. Rxe2 Rxd7 34. Ke1 Kf6 35. Re8 b6 36. Ke2 c5 37. h4 Kg7 38. Re5 Kg6 39.
Rd5 Re7+ 40. Kf3 f6 41. Rd8 Rh7 42. Rd6 Rf7 43. a3 Kg7 44. h5 Kh6 45. Rd5 Kxh5
46. g4+ Kg6 47. Rxf5 Rh7 48. Kg3 Rh1 49. Rd5 Rg1+ 50. Kf3 Rf1+ 51. Ke3 Rg1 52.
g5 fxg5 53. Rxg5+ Rxg5 54. fxg5 Kxg5 55. Ke4 1-0

[Event "14. Sparkassen Open 2015 - Gruppe B"]
[Site "Forchheim"]
[Date "2015.10.04"]
[Round "5.20"]
[White "Merz, Andreas"]
[Black "von Kortzfleisch, Ruben"]
[Result "1-0"]
[WhiteElo "1846"]
[BlackElo "1349"]
[PlyCount "39"]
[EventDate "2015.??.??"]
[WhiteTeam "SC Treuchtlingen"]
[BlackTeam "SF Bad Mergentheim"]

1. e4 e5 2. f4 d5 3. exd5 exf4 4. Nf3 Nf6 5. c4 c6 6. dxc6 Nxc6 7. d4 Bg4 8.
Be2 Bb4+ 9. Nc3 Ne4 10. O-O Nxc3 11. bxc3 Bxc3 12. Rb1 Nxd4 13. Ba3 Nxf3+ 14.
Bxf3 Qd4+ 15. Kh1 Qxd1 16. Rbxd1 Be6 17. Bxb7 Rd8 18. Bc6+ Bd7 19. Rfe1+ Bxe1
20. Rxe1# 1-0

[Event "14. Sparkassen Open 2015 - Gruppe B"]
[Site "Forchheim"]
[Date "2015.10.04"]
[Round "5.21"]
[White "Albayrak, Aylin"]
[Black "Kuhmann, Peter"]
[Result "0-1"]
[WhiteElo "1654"]
[BlackElo "1942"]
[PlyCount "126"]
[EventDate "2015.??.??"]
[WhiteTeam "Zabo-Eintracht Nürnberg"]
[BlackTeam "TSV Kirchehrenbach"]

1. d4 Nf6 2. c4 e6 3. Nc3 d5 4. Bf4 Be7 5. e3 c6 6. Nf3 O-O 7. Be2 Nbd7 8. h4
dxc4 9. Bxc4 b5 10. Bd3 Nb6 11. Ne5 Bb7 12. f3 Nfd5 13. g3 b4 14. Ne4 Nxf4 15.
gxf4 Nd5 16. Ke2 f5 17. Ng5 Rf6 18. Qg1 c5 19. Ng4 Rg6 20. h5 Rxg5 21. fxg5
cxd4 22. Ne5 dxe3 23. g6 Nf4+ 24. Kf1 Qd4 25. gxh7+ Kxh7 26. Be2 Qxe5 27. Rd1
Qxb2 28. Qxe3 Ba6 29. Rd2 Qc1+ 30. Kf2 Qxh1 31. Bxa6 Qh2+ 32. Kf1 Qh3+ 33. Kg1
Bh4 34. Qxf4 Qg3+ 35. Qxg3 Bxg3 36. Kg2 Be1 37. Re2 Bc3 38. Rxe6 Rd8 39. Kg3
Rd5 40. Rc6 Be5+ 41. f4 Bd6 42. Bc4 Rd4 43. Bf7 Bxf4+ 44. Kf3 Bd6 45. Rc8 Kh6
46. Ke3 Re4+ 47. Kd3 Kg5 48. Rc6 Be5 49. Ra6 Kf4 50. Rxa7 Re3+ 51. Kc2 Ra3 52.
Rb7 Bc3 53. Rb5 Ra6 54. Kb3 Kg4 55. Kc2 f4 56. Kd3 Kg3 57. Ke2 f3+ 58. Kf1 Rd6
59. Bd5 Rf6 60. Bc4 Rf4 61. Rc5 Rd4 62. Bb3 Rh4 63. Rg5+ Kf4 0-1

[Event "14. Sparkassen Open 2015 - Gruppe B"]
[Site "Forchheim"]
[Date "2015.10.04"]
[Round "5.22"]
[White "Gets, Alexej"]
[Black "Pohl, Steffen"]
[Result "0-1"]
[WhiteElo "1660"]
[BlackElo "1876"]
[PlyCount "110"]
[EventDate "2015.??.??"]
[WhiteTeam "SC Noris-Tarrasch Nürnberg"]
[BlackTeam "SK Schwanstetten"]

1. e4 Nc6 2. Nf3 Nf6 3. Nc3 d5 4. exd5 Nxd5 5. Bb5 Nxc3 6. bxc3 Qd5 7. c4 Qe4+
8. Qe2 Qxc2 9. Nd4 Qg6 10. Nxc6 bxc6 11. Qf3 Qe6+ 12. Kd1 Bd7 13. Re1 Qf6 14.
Qxf6 gxf6 15. Ba4 Rg8 16. g3 c5 17. Bxd7+ Kxd7 18. Rb1 e6 19. Bb2 Rb8 20. Kc2
Bg7 21. Re3 Rb6 22. Rb3 f5 23. Bxg7 Rxg7 24. Ra3 Rg4 25. d3 Rd4 26. Rxb6 axb6
27. Ra8 e5 28. Rf8 Ke6 29. Rc8 e4 30. Rxc7 exd3+ 31. Kd2 Rxc4 32. Kxd3 Rd4+ 33.
Ke3 Rd7 34. Rc6+ Rd6 35. Rc8 Kd5 36. Rc7 Rf6 37. Kd3 h5 38. a4 f4 39. a5 bxa5
40. Ra7 fxg3 41. hxg3 Rxf2 42. Ke3 Rf6 43. Rxa5 Rg6 44. Kf3 Kd4 45. Kf4 c4 46.
Rxh5 c3 47. Rh8 c2 48. Rd8+ Kc3 49. Rc8+ Kd2 50. Rd8+ Kc1 51. Rd7 Rc6 52. Ke3
Kb1 53. Rb7+ Ka2 54. Ra7+ Kb2 55. Rb7+ Kc3 0-1

[Event "14. Sparkassen Open 2015 - Gruppe B"]
[Site "Forchheim"]
[Date "2015.10.04"]
[Round "5.23"]
[White "Mantel, Hubert"]
[Black "Hartewig, Anja"]
[Result "1/2-1/2"]
[WhiteElo "1800"]
[BlackElo "1722"]
[PlyCount "47"]
[EventDate "2015.??.??"]
[WhiteTeam "Zabo-Eintracht Nürnberg"]
[BlackTeam "Chemnitzer SC Aufbau"]

1. e4 d6 2. d4 Nf6 3. Bd3 g6 4. Be3 Bg7 5. h3 Nbd7 6. Nf3 O-O 7. Qd2 c5 8. c3
a6 9. Bh6 Rb8 10. Bxg7 Kxg7 11. O-O b5 12. a3 Bb7 13. Qe2 Nb6 14. b3 Rc8 15.
Nbd2 cxd4 16. cxd4 Rc3 17. a4 bxa4 18. bxa4 a5 19. Rfb1 Qc7 20. d5 Rb8 21. Nd4
Qd8 22. Nb5 Rcc8 23. Na7 Rc3 24. Nb5 1/2-1/2

[Event "14. Sparkassen Open 2015 - Gruppe B"]
[Site "Forchheim"]
[Date "2015.10.04"]
[Round "5.24"]
[White "Gajewski, Richard"]
[Black "Götzel, Alfred"]
[Result "1-0"]
[WhiteElo "1718"]
[BlackElo "1950"]
[PlyCount "63"]
[EventDate "2015.??.??"]
[WhiteTeam "Wolframs-Eschenbach"]
[BlackTeam "SC Höchstadt/Aisch"]

1. e4 c5 2. f4 d5 3. e5 Nc6 4. Bb5 Bd7 5. Bxc6 Bxc6 6. Nf3 e6 7. O-O Nh6 8. Nc3
Be7 9. Ne2 Nf5 10. d4 O-O 11. g4 Nh4 12. c3 Nxf3+ 13. Rxf3 Qb6 14. f5 cxd4 15.
cxd4 Bb5 16. Nc3 Rac8 17. f6 Bb4 18. fxg7 Rfe8 19. a3 Be7 20. Rh3 f6 21. Be3
Bd7 22. exf6 Bxf6 23. Qd3 Qxb2 24. Qxh7+ Kf7 25. Rf1 Rg8 26. g5 e5 27. Rxf6+
Ke7 28. Rhf3 Be6 29. Rxe6+ Kxe6 30. Qg6+ Kd7 31. Rf7+ Kd8 32. Qd6+ 1-0

[Event "14. Sparkassen Open 2015 - Gruppe B"]
[Site "Forchheim"]
[Date "2015.10.04"]
[Round "5.25"]
[White "Semenova, Alisa"]
[Black "Weißmann, Peter"]
[Result "1/2-1/2"]
[WhiteElo "1646"]
[BlackElo "1795"]
[PlyCount "48"]
[EventDate "2015.??.??"]
[WhiteTeam "SC Noris-Tarrasch Nürnberg"]
[BlackTeam "SK Zirndorf"]

1. e4 c5 2. Nc3 Nc6 3. g3 g6 4. Bg2 Bg7 5. d3 d6 6. Be3 Nf6 7. h3 e5 8. Qd2 Nd4
9. Nd1 b5 10. c3 Ne6 11. f4 Bb7 12. Nf3 Qc7 13. O-O c4 14. Nf2 Rd8 15. Bxa7 Nh5
16. f5 Nc5 17. Bxc5 dxc5 18. Rfe1 Nxg3 19. Qg5 Nh5 20. Rad1 cxd3 21. Nxd3 Nf4
22. Ndxe5 f6 23. Rxd8+ Qxd8 24. Qxf4 fxe5 1/2-1/2

[Event "14. Sparkassen Open 2015 - Gruppe B"]
[Site "Forchheim"]
[Date "2015.10.04"]
[Round "5.26"]
[White "Ammon, Fabian"]
[Black "Weineck, Ekkehard"]
[Result "1-0"]
[WhiteElo "1692"]
[BlackElo "1639"]
[PlyCount "107"]
[EventDate "2015.??.??"]
[WhiteTeam "SV Altensittenbach"]
[BlackTeam "SV Würzburg"]

1. e4 c5 2. Nc3 Nc6 3. f4 e6 4. Nf3 d5 5. Bb5 a6 6. Bxc6+ bxc6 7. d3 Bd6 8. O-O
Ne7 9. Qe1 O-O 10. Na4 a5 11. e5 Bc7 12. Nxc5 Bb6 13. d4 Nf5 14. c3 Qe7 15. Na4
Ba7 16. g4 Nh6 17. Qg3 Ba6 18. Rf2 f5 19. exf6 Rxf6 20. g5 Rg6 21. Ne5 Nf5 22.
Nxg6 hxg6 23. Qh3 Kf7 24. b3 Rg8 25. Rd2 Qf8 26. Nb2 c5 27. Nd3 Bb8 28. Qf3
cxd4 29. Ne5+ Bxe5 30. fxe5 dxc3 31. Qxc3 Qd8 32. Rf2 Qb6 33. Ba3 Rc8 34. Qd2
Qc7 35. Bd6 Qb6 36. Rc1 Ke8 37. Rxc8+ Bxc8 38. Qc3 Kd7 39. Qc5 Qxc5 40. Bxc5
Kc6 41. Rc2 Kb5 42. Ba3 Ba6 43. Rc7 Nh4 44. Kf2 Nf5 45. Bf8 Kb6 46. Rf7 a4 47.
bxa4 Ka5 48. Bxg7 Kxa4 49. Bf8 Bd3 50. Rf6 Nd4 51. Ke3 Nc6 52. Kxd3 Nxe5+ 53.
Ke2 Ng4 54. h4 1-0

[Event "14. Sparkassen Open 2015 - Gruppe B"]
[Site "Forchheim"]
[Date "2015.10.04"]
[Round "5.27"]
[White "Dreiseitel, Werner"]
[Black "Morschel, Steffen"]
[Result "0-1"]
[WhiteElo "1568"]
[BlackElo "1686"]
[PlyCount "95"]
[EventDate "2015.??.??"]
[WhiteTeam "SGem Fürth"]
[BlackTeam "SK Sülz-Klettenberg"]

1. d4 Nf6 2. Nf3 e6 3. Bf4 c5 4. e3 Qb6 5. Qc1 Nc6 6. c3 d6 7. Bd3 Be7 8. h3
Bd7 9. Nbd2 cxd4 10. exd4 Nh5 11. Be3 d5 12. Nb3 Qc7 13. g4 Nf6 14. Bf4 Bd6 15.
Bxd6 Qxd6 16. Qe3 h6 17. Bc2 Ne7 18. Ne5 Bc6 19. f4 Ne4 20. Rh2 f6 21. Nxc6
Qxc6 22. Bxe4 dxe4 23. O-O-O f5 24. gxf5 exf5 25. Kb1 a5 26. Rc2 a4 27. Nd2 Nd5
28. Qg3 O-O 29. a3 Qd6 30. Nc4 Qxf4 31. Qxf4 Nxf4 32. h4 Nd5 33. Re1 Ra6 34.
Rg2 Kh7 35. Ne5 b5 36. Reg1 Ra7 37. Ng6 Rf6 38. h5 f4 39. Re2 e3 40. Ne5 f3 41.
Rc2 f2 42. Rf1 Nf4 43. Ng4 e2 44. Nxf6+ gxf6 45. Rxe2 Nxe2 46. Rxf2 Ng3 47.
Rxf6 Rb7 48. Rf5 0-1

[Event "14. Sparkassen Open 2015 - Gruppe B"]
[Site "Forchheim"]
[Date "2015.10.04"]
[Round "5.28"]
[White "Schwarz, Eduard"]
[Black "Maillinger, Michael"]
[Result "1-0"]
[WhiteElo "1992"]
[BlackElo "1504"]
[PlyCount "47"]
[EventDate "2015.??.??"]
[WhiteTeam "SG Idstein"]
[BlackTeam "PSV Dorfen"]

1. Nf3 g6 2. d4 Nf6 3. c4 d6 4. Nc3 Nbd7 5. e4 Bg7 6. Be2 O-O 7. O-O Re8 8. e5
Ng4 9. Ng5 Nh6 10. e6 Nf8 11. exf7+ Nxf7 12. Nxf7 Kxf7 13. h4 e5 14. Bg5 Bf6
15. Bxf6 Qxf6 16. Nd5 Qd8 17. f4 exd4 18. f5 Kg8 19. fxg6 Nd7 20. Qxd4 Rf8 21.
gxh7+ Kxh7 22. Bd3+ Kg8 23. Qg4+ Kh8 24. Qh5+ 1-0

[Event "14. Sparkassen Open 2015 - Gruppe B"]
[Site "Forchheim"]
[Date "2015.10.04"]
[Round "5.29"]
[White "Balhar, Michael"]
[Black "Meyer, Nico"]
[Result "1-0"]
[WhiteElo "1794"]
[BlackElo "1437"]
[PlyCount "53"]
[EventDate "2015.??.??"]
[WhiteTeam "SC Erlangen"]
[BlackTeam "SC Bechhofen"]

1. e4 e5 2. Nf3 Nc6 3. Bc4 Bc5 4. c3 Nf6 5. d3 O-O 6. O-O d5 7. exd5 Nxd5 8.
Bg5 Be7 9. Bxe7 Ndxe7 10. h3 Bf5 11. Re1 e4 12. Nh4 exd3 13. Nxf5 Nxf5 14. Bxd3
Nd6 15. Nd2 Qf6 16. Qc2 h6 17. Rad1 Rfe8 18. Ne4 Nxe4 19. Bxe4 Re6 20. Rd7 Rc8
21. Red1 Rce8 22. f3 Qf4 23. Qd2 Qg3 24. Qf2 Qxf2+ 25. Kxf2 f5 26. Bd5 Kf8 27.
Bxe6 1-0

[Event "14. Sparkassen Open 2015 - Gruppe B"]
[Site "Forchheim"]
[Date "2015.10.04"]
[Round "5.30"]
[White "Babichev, Vyacheslav"]
[Black "Rummel, Gerald"]
[Result "1-0"]
[WhiteElo "1825"]
[BlackElo "1780"]
[PlyCount "77"]
[EventDate "2015.??.??"]
[WhiteTeam "SW Nürnberg Süd"]
[BlackTeam "SC Anderssen"]

1. e4 e6 2. Nf3 d5 3. exd5 exd5 4. b3 Nf6 5. Bb2 Be7 6. Be2 O-O 7. O-O c5 8. c4
d4 9. d3 Nc6 10. a3 a5 11. Nbd2 Re8 12. Re1 Bf5 13. Nf1 h6 14. Ng3 Bh7 15. Bc1
Bd6 16. Bd2 Qc7 17. Nh4 Bf4 18. Bxf4 Qxf4 19. Nf3 Re7 20. Ra2 Rae8 21. h3 Ne5
22. Rf1 Ng6 23. b4 b6 24. bxa5 bxa5 25. Qa4 Qc7 26. Rb2 Nf4 27. Qd1 Bg6 28. Nh4
Bh7 29. Nf3 g5 30. Ne1 a4 31. Bf3 Rxe1 32. Rxe1 Rxe1+ 33. Qxe1 Nxd3 34. Qd2
Nxb2 35. Qxb2 Qa5 36. Qb8+ Kg7 37. Qe5 d3 38. Nh5+ Kf8 39. Qd6+ 1-0

[Event "14. Sparkassen Open 2015 - Gruppe B"]
[Site "Forchheim"]
[Date "2015.10.04"]
[Round "5.31"]
[White "Gugenberger, Uwe"]
[Black "Vinogradov, Anatoli"]
[Result "1-0"]
[WhiteElo "1942"]
[BlackElo "1812"]
[PlyCount "85"]
[EventDate "2015.??.??"]
[WhiteTeam "PSV Dorfen"]
[BlackTeam "SG Siemens Amberg"]

1. d4 Nf6 2. Nf3 e6 3. c4 Bb4+ 4. Bd2 Bxd2+ 5. Nbxd2 d5 6. g3 O-O 7. Bg2 b6 8.
Rc1 Nbd7 9. Ne5 Nxe5 10. dxe5 Ng4 11. Nf3 Bb7 12. h3 Nh6 13. c5 c6 14. O-O Nf5
15. Qa4 Qe7 16. Qc2 Rfd8 17. b4 f6 18. g4 Nh6 19. Qb2 Nf7 20. exf6 gxf6 21.
Rfe1 e5 22. Qd2 b5 23. Nh4 Bc8 24. Rcd1 Kh8 25. Qc2 Rg8 26. Kh1 Bd7 27. e4 d4
28. Nf5 Bxf5 29. exf5 Qc7 30. Qb3 Rge8 31. a4 a6 32. Ra1 Qd7 33. axb5 axb5 34.
Rxa8 Rxa8 35. Qe6 Qxe6 36. fxe6 Ng5 37. Bxc6 Ra7 38. Bd7 Nxe6 39. Bxe6 Ra3 40.
Bf5 Rxh3+ 41. Kg2 Rc3 42. Kf1 Kg8 43. Ra1 1-0

[Event "14. Sparkassen Open 2015 - Gruppe B"]
[Site "Forchheim"]
[Date "2015.10.04"]
[Round "5.32"]
[White "Bauschke, Norman"]
[Black "Heckel, Wolfgang"]
[Result "1-0"]
[WhiteElo "1605"]
[BlackElo "1756"]
[PlyCount "47"]
[EventDate "2015.??.??"]
[WhiteTeam "SC Höchstadt/Aisch"]
[BlackTeam "TSG Ellingen"]

1. d4 d5 2. e4 dxe4 3. Nc3 Nf6 4. f3 exf3 5. Nxf3 e6 6. Bc4 c6 7. O-O Be7 8.
Bg5 Nbd7 9. Qe2 Nd5 10. Bxe7 Qxe7 11. Nxd5 cxd5 12. Bb3 Nf6 13. c4 dxc4 14.
Bxc4 O-O 15. Rad1 Qd6 16. Qc2 h6 17. Ne5 Nh7 18. Rxf7 Rxf7 19. Nxf7 Kxf7 20.
Qxh7 Ke7 21. Qxg7+ Kd8 22. Rf1 Bd7 23. Rf8+ Be8 24. Bb5 1-0